| 000 | 01013nam a22003017a 4500 | ||
|---|---|---|---|
| 003 | CHAP | ||
| 005 | 20220329140234.0 | ||
| 008 | 971013s1953 r 00010 d | ||
| 010 | _a49080 | ||
| 011 | _a50052 | ||
| 035 | _a54202 | ||
| 040 | _cCHAP | ||
| 090 | _aFolleto 1348 | ||
| 100 | 0 | 0 |
_aPeterson, Robert R. _987628 |
| 245 | _aSilos de trinchera en Honduras | ||
| 260 |
_aTegucigalpa : _bServicio Interamericano de Cooperación Agrícola, _c1953 |
||
| 300 |
_a(s.p.) _b: ilus. |
||
| 490 |
_aServicio Técnico Interamericano de Cooperación Agrícola. Folleto _v; 2 |
||
| 590 |
_aBATCH-UPD _b10 _c20130110 _lUCH01 _h0703 |
||
| 590 |
_aBATCH-UPD _b10 _c20130410 _lUCH01 _h0348 |
||
| 590 |
_aBATCH-UPD _b10 _c20130914 _lUCH01 _h1911 |
||
| 590 |
_aCONVERSION _b10 _c20130109 _lUCH01 _h1327 |
||
| 650 | 1 | 4 |
_aSilos. _9105965 |
| 830 | 0 |
_aServicio Técnico Interamericano de Cooperación Agrícola. Folleto _v; 2 _9105325 |
|
| 901 | _aBK | ||
| 942 | _cFOLL | ||
| 949 |
_aFolleto 1348 _bBC _cFOLL _d-119720 _eTS1 _i54202 _si |
||
| 999 |
_c49080 _d49080 |
||